000 01233cam a2200313 a 4500
999 _c504
_d504
003 OSt
005 20190819090118.0
008 180620t20182017onc e 000 1 eng d
020 _a9780755390977
040 _aCaOONL
_beng
_erda
_cCaOONL
_dCaNSH
082 _aFIC WIN
100 1 _aWinman, Sarah,
_d1964-
_eauthor.
245 1 0 _aTin man /
_cSarah Winman.
264 1 _aLondon :
_bTinder Press,
_c2018. ©2017.
264 4 _c©2017.
300 _a207 pages ;
_c20 cm.
336 _atext
_btxt
_2rdacontent.
337 _aunmediated
_bn
_2rdamedia.
338 _avolume
_bnc
_2rdacarrier.
500 _aFirst published: 2017.
520 _aIt begins with a painting won in a raffle: fifteen sunflowers, hung on the wall by a woman who believes that men and boys are capable of beautiful things. And then there are two boys, Ellis and Michael, who are inseparable. And the boys become men, and then Annie walks into their lives, and it changes nothing and everything.
650 0 _aInterpersonal relations
_vFiction.
650 0 _aLife change events
_vFiction.
650 0 _aFriendship
_vFiction.
650 0 _aLoss (Psychology)
_vFiction.
651 0 _aOxford (England)
_vFiction.
690 _aNew Jun 2018.
942 _2ddc
_cFIC